00872nam a2200205Ia 4500001001000000003000500010008004100015010001100056040000900067100003500076245019700111260003400308300002600342502008500368650004700453650006100500650002900561650002600590710005000616Para_9158CHAP220125s2006 xx 000 0 und d a207891 cCHAP aGaytán Mejía, Juan Ramón aPatogenicidad, compatibilidad y fungicidas en Phytophthora capsici (Leo.) y evaluación de variedades de frijol ejotero a Phytophthora phaseoli (Thaxter) /c por Juan Ramón Gaytán Mejía aChapingo, Méx. :b el autor ac.a. 94 h. + apénd. aTesis (M.C. Protección Vegetal). UACh. Departamento Parasitología Agrícola aFrijol ejotero x enfermedades por hongos  aFrijol ejotero x variedades resistentes a enfermedades  aFungicidas x análisis aPhytophthora capsici  aUACh. Departamento Parasitología Agrícola